Statistics for Parishes of Dominica with a Map

Click here to take the quiz!

General Stats

  • This quiz has been taken 554 times
  • The average score is 8 of 10

Answers on the Map

Answers color-coded by a green-red scale on the quiz's map according to % correct below.
 

Answer Stats

Parish% Correct
Saint John
95%
Saint George
87%
Saint Andrew
85%
Saint Peter
84%
Saint Paul
80%
Saint Mark
78%
Saint David
75%
Saint Patrick
75%
Saint Luke
72%
Saint Joseph
69%

Score Distribution

Percentile by Number Answered

Percent of People with Each Score

Your Score History

You have not taken this quiz